Country Flags Featuring Weapons - Statistics

General Stats
  • This quiz has been taken 900 times
  • The average score is 8 of 15
Answer Stats
Hint Weapon(s) Answer % Correct
Africa rifle Mozambique
86%
North America trident (spear) Barbados
80%
Africa machete Angola
73%
Asia sword Saudi Arabia
64%
Africa spears Kenya
62%
North America axes Belize
61%
North America rifles & swords Guatemala
60%
North America cannons, rifles & spears Haiti
59%
North America spears El Salvador
51%
South America axe & spears Ecuador
48%
Africa spears Eswatini
46%
North America spears Dominican Republic
41%
Asia dagger & swords Oman
40%
Asia sword Sri Lanka
37%
Asia sword Iran
30%
No matching quizzes found
Score Distribution
Percent of People with Each Score
Percentile by Number Answered
Your Score History
You have not taken this quiz